书目信息 |
| 题名: |
聋校语文阅读与写作教学指导
|
|
| 作者: | 于勤 著 | |
| 分册: | ||
| 出版信息: | 北京 中国轻工业出版社 2016.08 |
|
| 页数: | 345页 | |
| 开本: | 24cm | |
| 丛书名: | 悠缘特教各地特教系列 | |
| 单 册: | ||
| 中图分类: | G762.2 | |
| 科图分类: | ||
| 主题词: | 听力障碍--儿童教育--特殊教育--阅读课--教学参考资料 , 听力障碍--儿童教育--特殊教育--作文课--教学参考资料 | |
| 电子资源: | ||
| ISBN: | 978-7-5184-0918-1 | |
| 000 | 01016oam2 2200277 450 | |
| 001 | 0108153909 | |
| 005 | 20210308154402.0 | |
| 010 | @a978-7-5184-0918-1@dCNY48.00 | |
| 100 | @a20181129d2016 em y0chiy50 ea | |
| 101 | 0 | @achi |
| 102 | @aCN@b110000 | |
| 105 | @ay z 000yy | |
| 106 | @ar | |
| 200 | 1 | @a聋校语文阅读与写作教学指导@Along xiao yu wen yue du yu xie zuo jiao xue zhi dao@f于勤著 |
| 210 | @a北京@c中国轻工业出版社@d2016.08 | |
| 215 | @a345页@d24cm | |
| 225 | 2 | @a悠缘特教各地特教系列@i走进辽宁特教丛书 |
| 330 | @a本书主要讲述了如何实现课标所要求的阅读目标,如何让聋生能够达成课标所要求的高度,怎样才能知道聋生什么时候才能达成这样的高度。 | |
| 461 | 0 | @12001 @a悠缘特教各地特教系列 |
| 462 | 0 | @12001 @a走进辽宁特教丛书 |
| 606 | 0 | @a听力障碍@x儿童教育@x特殊教育@x阅读课@j教学参考资料 |
| 606 | 0 | @a听力障碍@x儿童教育@x特殊教育@x作文课@j教学参考资料 |
| 690 | @aG762.2@v5 | |
| 701 | 0 | @a于勤@Ayu qin@4著@c(女,@f1966~) |
| 801 | 0 | @aCN@bBJSZM@c20210308 |
| 905 | @b1272141-4@dG762.2@e228@f4 | |
| 聋校语文阅读与写作教学指导/于勤著.-北京:中国轻工业出版社,2016.08 |
| 345页;24cm.-(悠缘特教各地特教系列.走进辽宁特教丛书) |
| ISBN 978-7-5184-0918-1:CNY48.00 |
| 本书主要讲述了如何实现课标所要求的阅读目标,如何让聋生能够达成课标所要求的高度,怎样才能知道聋生什么时候才能达成这样的高度。 |
| ● |
| 相关链接 |
|
|
|
|
正题名:聋校语文阅读与写作教学指导
索取号:G762.2/228
 
预约/预借
| 序号 | 登录号 | 条形码 | 馆藏地/架位号 | 状态 | 备注 |
| 1 | 1272141 | 212721410 | 第一样本阅览室/ [索取号:G762.2/228] | 在馆 | |
| 2 | 1272142 | 212721429 | 教育系资料室/ [索取号:G762.2/228] | 在馆 | |
| 3 | 1272143 | 212721438 | 教育系资料室/ [索取号:G762.2/228] | 在馆 | |
| 4 | 1272144 | 212721447 | 第四借阅区/ [索取号:G762.2/228] | 在馆 |